[Event "23.Schlosspark-Open"]
[Site "Wiesbaden"]
[Date "2011.08.27"]
[Round "5.1"]
[White "Luther, Thomas"]
[Black "Meijers, Viesturs"]
[Result "1-0"]
[WhiteElo "2515"]
[BlackElo "2492"]
[PlyCount "107"]
[EventDate "2011.??.??"]
[WhiteTeam "SV Empor Erfurt"]
[BlackTeam "ESV Nickelhütte Aue"]

1. e4 c5 2. Nf3 e6 3. d4 cxd4 4. Nxd4 a6 5. Bd3 Nf6 6. O-O Qc7 7. Qe2 d6 8. c4
Nbd7 9. Nc3 Ne5 10. f3 Bd7 11. Be3 Rc8 12. Rfc1 Be7 13. b3 Nxd3 14. Qxd3 O-O
15. a4 b6 16. Nd1 Rfd8 17. Qe2 Qb8 18. Nf2 Be8 19. Bg5 h6 20. Be3 Bf8 21. Kh1
g6 22. Rf1 Bg7 23. Rad1 Nd7 24. f4 e5 25. Nc2 Nc5 26. f5 Qb7 27. Nb4 Nxe4 28.
Nd5 Nxf2+ 29. Qxf2 Bc6 30. Bxb6 Rd7 31. a5 Bxd5 32. Rxd5 gxf5 33. Qxf5 Re8 34.
Qe4 Re6 35. h3 Rg6 36. Kh2 Re7 37. Rf5 Ree6 38. Rd4 Qxe4 39. Rxe4 d5 40. cxd5
Rd6 41. Rc4 Rxd5 42. Rc8+ Bf8 43. Ra8 Rd2 44. Bc5 f6 45. Rf2 Rxf2 46. Bxf2 Kf7
47. Rxa6 e4 48. Rc6 Bb4 49. a6 Rg8 50. Be3 f5 51. a7 Be1 52. g4 f4 53. Bxf4 Bf2
54. Bb8 1-0

[Event "23.Schlosspark-Open"]
[Site "Wiesbaden"]
[Date "2011.08.27"]
[Round "5.2"]
[White "Boidman, Yuri"]
[Black "Gottschalk, Jens"]
[Result "1-0"]
[WhiteElo "2444"]
[BlackElo "2268"]
[PlyCount "75"]
[EventDate "2011.??.??"]
[WhiteTeam "SC Heimbach-Weis/N."]
[BlackTeam "Wiesbadener SV 1885"]

1. e4 c5 2. Nf3 Nc6 3. Bb5 Nf6 4. Nc3 d6 5. e5 Nd7 6. exd6 exd6 7. d4 a6 8.
Bxc6 bxc6 9. Qe2+ Be7 10. Bg5 f6 11. Bf4 O-O 12. Bxd6 Bxd6 13. Qe6+ Kh8 14.
Qxd6 Re8+ 15. Kf1 Qb6 16. Re1 Rxe1+ 17. Kxe1 h6 18. Kd2 cxd4 19. Qxd4 c5 20.
Qf4 Bb7 21. Kc1 Rb8 22. Na4 Qb5 23. Rd1 Bxf3 24. gxf3 Ne5 25. b3 c4 26. Qe4 Qb4
27. f4 Qa3+ 28. Kb1 cxb3 29. axb3 Ng4 30. Rd7 Qf8 31. Qg6 f5 32. Rf7 Qg8 33.
Qxf5 Nxh2 34. Nc5 Nf3 35. Nd7 Rb5 36. Qe6 Nd4 37. Qg6 Nxb3 38. cxb3 1-0

[Event "23.Schlosspark-Open"]
[Site "Wiesbaden"]
[Date "2011.08.27"]
[Round "5.3"]
[White "Kayser, Felix"]
[Black "Poetsch, Hagen"]
[Result "0-1"]
[WhiteElo "2190"]
[BlackElo "2403"]
[PlyCount "74"]
[EventDate "2011.??.??"]
[WhiteTeam "Wiesbadener SV 1885"]
[BlackTeam "Wiesbadener SV 1885"]

1. e4 Nc6 2. Nf3 f5 3. exf5 d5 4. d4 Bxf5 5. Bd3 Bg4 6. h3 Bxf3 7. Qxf3 g6 8.
Nc3 e6 9. Qg4 Qd7 10. Bg5 Bg7 11. Bb5 Nh6 12. Bxh6 Bxh6 13. O-O O-O 14. Rae1
Rf6 15. Re2 Bf4 16. g3 h5 17. Qh4 Qf7 18. gxf4 Nxd4 19. Qg3 Rxf4 20. Bd3 Kg7
21. Re3 h4 22. Qg2 Nf3+ 23. Kh1 Rf8 24. Ne2 Rf6 25. c3 e5 26. Rd1 e4 27. Bc2
Ne5 28. Nd4 c5 29. Rxe4 dxe4 30. Qxe4 cxd4 31. Qxe5 Qe6 32. Qxe6 Rxe6 33. cxd4
Rxf2 34. Bb3 Ree2 35. d5 Rh2+ 36. Kg1 Reg2+ 37. Kf1 Rxb2 0-1

[Event "23.Schlosspark-Open"]
[Site "Wiesbaden"]
[Date "2011.08.27"]
[Round "5.4"]
[White "Freundlieb, Thomas"]
[Black "Geske, Julian"]
[Result "0-1"]
[WhiteElo "2095"]
[BlackElo "2337"]
[PlyCount "72"]
[EventDate "2011.??.??"]
[WhiteTeam "SV Bergneustadt/Dersch"]
[BlackTeam "Wiesbadener SV 1885"]

1. d4 d5 2. Nf3 Nf6 3. e3 e6 4. Bd3 Bd6 5. Nbd2 O-O 6. O-O Nbd7 7. Re1 c5 8. c3
b6 9. e4 dxe4 10. Nxe4 Be7 11. dxc5 Nxc5 12. Nxc5 Bxc5 13. Bg5 Bb7 14. Bxf6
Qxf6 15. Be4 Rad8 16. Qc2 Bxe4 17. Rxe4 Rd5 18. Ree1 Rfd8 19. Rad1 g5 20. h3 h5
21. Rxd5 Rxd5 22. Rd1 Rxd1+ 23. Qxd1 g4 24. hxg4 hxg4 25. Nd4 g3 26. Qg4+ Qg7
27. Qxg7+ Kxg7 28. b4 Bxd4 29. cxd4 Kf6 30. f3 e5 31. dxe5+ Kxe5 32. Kf1 Kd4
33. Ke2 b5 34. a3 Kc4 35. Ke3 Kb3 36. Kd4 Kxa3 0-1

[Event "23.Schlosspark-Open"]
[Site "Wiesbaden"]
[Date "2011.08.27"]
[Round "5.5"]
[White "Nagel, Bernhard"]
[Black "Minor, Samuel"]
[Result "1/2-1/2"]
[WhiteElo "2277"]
[BlackElo "2210"]
[PlyCount "73"]
[EventDate "2011.??.??"]
[WhiteTeam "Wiesbadener SV 1885"]
[BlackTeam "Wiesbadener SV 1885"]

1. Nf3 Nf6 2. c4 e6 3. Nc3 c5 4. g3 b6 5. Bg2 Bb7 6. O-O Be7 7. Re1 d6 8. e4
O-O 9. d4 cxd4 10. Nxd4 Qd7 11. Be3 Nc6 12. b3 Nxd4 13. Bxd4 Rfd8 14. Qd3 Qc7
15. Rac1 Rac8 16. Red1 Nd7 17. Qe2 a6 18. Qb2 Bf6 19. Ne2 Bxd4 20. Qxd4 Nf6 21.
h3 Bc6 22. g4 h6 23. Ng3 Be8 24. Nf1 Qc5 25. Ne3 Kf8 26. Qxc5 bxc5 27. Rd2 Bc6
28. Rcd1 Nxe4 29. Bxe4 Bxe4 30. Rxd6 Rxd6 31. Rxd6 Rc6 32. Rd8+ Ke7 33. Rb8 Rd6
34. a3 Rd8 35. Rb6 Rd6 36. Rb8 Rd8 37. Rb6 1/2-1/2

[Event "23.Schlosspark-Open"]
[Site "Wiesbaden"]
[Date "2011.08.27"]
[Round "5.6"]
[White "Klein, Maximilian"]
[Black "Stockmann, Michael"]
[Result "0-1"]
[WhiteElo "2006"]
[BlackElo "2269"]
[PlyCount "106"]
[EventDate "2011.??.??"]
[WhiteTeam "SC Idar-Oberstein"]
[BlackTeam "Sfr. Schöneck"]

1. e4 d5 2. exd5 Qxd5 3. Nc3 Qd6 4. d4 c6 5. Nf3 Bg4 6. g3 Bxf3 7. Qxf3 Qxd4 8.
Be3 Qd8 9. Bc4 Nf6 10. Rd1 Nbd7 11. O-O e6 12. Ne4 Qa5 13. Nxf6+ Nxf6 14. Rd3
Bc5 15. Bd2 Bb4 16. c3 Be7 17. Rd1 O-O 18. Bf4 e5 19. Qe2 exf4 20. Qxe7 Qb6 21.
Rd7 Nxd7 22. Rxd7 fxg3 23. hxg3 Qxb2 24. Bxf7+ Kh8 25. Rxb7 Qxc3 26. Rxa7 Qd4
27. Rxa8 Rxa8 28. Be8 Qf6 29. Qxf6 gxf6 30. Bxc6 Rxa2 31. Kg2 Kg7 32. Be4 Ra5
33. g4 h5 34. gxh5 Rxh5 35. Kg3 Ra5 36. f3 f5 37. Bc6 Rc5 38. Bb7 Rc3 39. Bd5
Kf6 40. Kf4 Rc5 41. Bb7 Rb5 42. Bc6 Rb4+ 43. Kg3 Kg5 44. Bd5 f4+ 45. Kh3 Rb8
46. Be4 Rh8+ 47. Kg2 Kh4 48. Kf2 Rb8 49. Bd3 Rb2+ 50. Be2 Kh3 51. Kf1 Kg3 52.
Ke1 Rb1+ 53. Kd2 Kf2 0-1

[Event "23.Schlosspark-Open"]
[Site "Wiesbaden"]
[Date "2011.08.27"]
[Round "5.7"]
[White "Goloborodko, Dmitro"]
[Black "Donchenko, Anatoly"]
[Result "0-1"]
[WhiteElo "2123"]
[BlackElo "2383"]
[PlyCount "64"]
[EventDate "2011.??.??"]
[WhiteTeam "SG Turm Idstein"]
[BlackTeam "SK 1858 Gießen"]

1. d4 d5 2. c4 dxc4 3. e3 Nf6 4. Bxc4 e6 5. Nc3 c5 6. Nf3 a6 7. a4 Nc6 8. O-O
Bd6 9. Qe2 Qc7 10. dxc5 Bxc5 11. e4 Ng4 12. Be3 Nxe3 13. fxe3 O-O 14. Rad1 Ne5
15. Nxe5 Qxe5 16. Rf3 b6 17. Rh3 g6 18. Qg4 Ra7 19. Qh4 h5 20. Rg3 Rc7 21. Bb3
Rd7 22. Rxd7 Bxd7 23. Bd1 Kg7 24. Be2 a5 25. Rf3 Bc6 26. Kf2 Bb4 27. Bb5 Bxb5
28. axb5 Bxc3 29. bxc3 Qxb5 30. Qf6+ Kg8 31. Rg3 Qd3 32. Kf3 Qf1# 0-1

[Event "23.Schlosspark-Open"]
[Site "Wiesbaden"]
[Date "2011.08.27"]
[Round "5.8"]
[White "Dausch, Rene"]
[Black "Martin T., Milan"]
[Result "1-0"]
[WhiteElo "2375"]
[BlackElo "2076"]
[PlyCount "83"]
[EventDate "2011.??.??"]
[WhiteTeam "SC Böblingen 1975 e.V."]
[BlackTeam "vereinslos"]

1. d4 Nf6 2. Nf3 c5 3. d5 e6 4. Nc3 exd5 5. Nxd5 Nxd5 6. Qxd5 Be7 7. Bg5 O-O 8.
Bxe7 Qxe7 9. O-O-O Na6 10. c3 Qe6 11. e3 Rb8 12. Ng5 Qxd5 13. Rxd5 b5 14. Bd3
g6 15. Ne4 c4 16. Bc2 Nc7 17. Rxd7 Bxd7 18. Nf6+ Kg7 19. Nxd7 Rbc8 20. Nxf8
Kxf8 21. Rd1 Ke7 22. b4 a5 23. a3 axb4 24. axb4 Rb8 25. f4 Rb6 26. g3 h5 27.
Rd4 Ne8 28. Re4+ Kd7 29. Re5 Nf6 30. h3 Ne8 31. g4 hxg4 32. hxg4 Nd6 33. g5 Rb8
34. f5 gxf5 35. Bxf5+ Kc6 36. Rc5+ Kb6 37. Bd7 Ne4 38. Rxb5+ Kc7 39. Rxb8 Kxb8
40. Bb5 Nd6 41. Bc6 Kc7 42. Bd5 1-0

[Event "23.Schlosspark-Open"]
[Site "Wiesbaden"]
[Date "2011.08.27"]
[Round "5.9"]
[White "Cofman, Veaceslav"]
[Black "Kiese, Matthias"]
[Result "1/2-1/2"]
[WhiteElo "1990"]
[BlackElo "2258"]
[PlyCount "46"]
[EventDate "2011.??.??"]
[WhiteTeam "Karlsruher SF 1853"]
[BlackTeam "Bochumer SV 02"]

1. d4 d5 2. c4 e6 3. Nc3 Nf6 4. Bg5 Be7 5. e3 O-O 6. Nf3 Nbd7 7. cxd5 exd5 8.
Bd3 c6 9. Qc2 Re8 10. O-O Nf8 11. a3 Ng6 12. Nd2 Bd6 13. h3 h6 14. Bxg6 hxg5
15. e4 dxe4 16. Bxe4 g4 17. hxg4 Nxg4 18. g3 Bxg3 19. fxg3 Qxd4+ 20. Kh1 Nf2+
21. Kh2 Ng4+ 22. Kh1 Nf2+ 23. Kh2 Ng4+ 1/2-1/2

[Event "23.Schlosspark-Open"]
[Site "Wiesbaden"]
[Date "2011.08.27"]
[Round "5.10"]
[White "Nabavi, Parwis"]
[Black "Marzahn, Heiko"]
[Result "1-0"]
[WhiteElo "2202"]
[BlackElo "1984"]
[PlyCount "79"]
[EventDate "2011.??.??"]
[WhiteTeam "SGEM Dreisamtal"]
[BlackTeam "Sfr.Erbach"]

1. d4 e6 2. c4 f5 3. g3 Nf6 4. Bg2 d5 5. Nf3 c6 6. O-O Bd6 7. b3 Qe7 8. Bb2 b6
9. a4 Bb7 10. a5 O-O 11. axb6 axb6 12. Rxa8 Bxa8 13. Qc2 Ne4 14. Ne5 c5 15. f3
Ng5 16. Nd2 Bxe5 17. dxe5 f4 18. gxf4 Rxf4 19. e3 Rf8 20. f4 Nf7 21. Rd1 Nc6
22. Nf1 d4 23. exd4 Nxd4 24. Bxd4 cxd4 25. Bxa8 Rxa8 26. Rxd4 Nh6 27. Qg2 Rf8
28. Qc6 Rxf4 29. Rxf4 Qg5+ 30. Ng3 Qxf4 31. Qe8+ Qf8 32. Qxe6+ Kh8 33. Qxb6 Ng4
34. Qd4 h5 35. Nxh5 Qf5 36. Ng3 Qf3 37. e6 Ne3 38. Qd8+ Kh7 39. Qd3+ Kg8 40.
Qe2 1-0

[Event "23.Schlosspark-Open"]
[Site "Wiesbaden"]
[Date "2011.08.27"]
[Round "5.11"]
[White "Gentner, Markus"]
[Black "Vogel, Christian"]
[Result "0-1"]
[WhiteElo "2026"]
[BlackElo "2184"]
[PlyCount "70"]
[EventDate "2011.??.??"]
[WhiteTeam "SC Murrhardt 1948 e.V."]
[BlackTeam "SV Saarbrücken 1970"]

1. Nf3 Nf6 2. d4 g6 3. c4 Bg7 4. Nc3 O-O 5. e4 d6 6. Be3 Nbd7 7. Be2 Ng4 8. Bg5
f6 9. Bh4 e5 10. dxe5 Ngxe5 11. Nxe5 dxe5 12. Qd5+ Rf7 13. Bg4 c6 14. Qd2 Qe7
15. f3 Nb6 16. Bxc8 Rxc8 17. b3 Rd8 18. Qc1 Rd3 19. O-O Qb4 20. Be1 Qf8 21. Qc2
Rfd7 22. Nd5 Rd4 23. Bb4 Qf7 24. Nxb6 axb6 25. Rfd1 Bh6 26. Kf2 Bf8 27. Bd2 Bc5
28. Be3 f5 29. Ke2 fxe4 30. Bxd4 exf3+ 31. gxf3 Bxd4 32. Rab1 Qf4 33. Qe4 Qxh2+
34. Kd3 Qf2 35. Rd2 Be3+ 0-1

[Event "23.Schlosspark-Open"]
[Site "Wiesbaden"]
[Date "2011.08.27"]
[Round "5.12"]
[White "Fellhauer, Clemens"]
[Black "Simkin, Mark"]
[Result "1-0"]
[WhiteElo "2178"]
[BlackElo "2004"]
[PlyCount "113"]
[EventDate "2011.??.??"]
[WhiteTeam "SK 69 Mühlhausen e.V."]
[BlackTeam "SV Saarbrücken 1970"]

1. e4 e5 2. Nf3 Nc6 3. Bc4 Nf6 4. d3 Bc5 5. O-O d6 6. h3 h6 7. c3 O-O 8. Be3
Bb6 9. Bb3 Ne7 10. Nbd2 Ng6 11. Nc4 c6 12. Nxb6 axb6 13. Kh2 d5 14. Qc2 Be6 15.
g3 Nh7 16. Ng1 f5 17. f4 fxe4 18. dxe4 exf4 19. gxf4 Nxf4 20. Rxf4 Qd6 21. Qf2
Nf6 22. Qg3 Nh5 23. Rxf8+ Qxf8 24. Qe5 Bf7 25. Rf1 Re8 26. Qxh5 Bxh5 27. Rxf8+
Kxf8 28. Bxb6 Rxe4 29. Bf2 g5 30. Kg3 Kf7 31. Bc2 Re8 32. Bd3 Bg6 33. Bf1 Be4
34. Nf3 Kg6 35. Nd2 Bc2 36. c4 Rd8 37. cxd5 Rxd5 38. Nc4 Bf5 39. Bg2 Rd3+ 40.
Kh2 Kf6 41. Na5 Rd7 42. Be1 Kg6 43. Bc3 Be6 44. Be4+ Bf5 45. Nc4 Re7 46. Bf3
Kh7 47. Ne5 Kg8 48. a4 Be6 49. b4 Re8 50. a5 Bd5 51. Be2 Rc8 52. Nd7 Bf7 53.
Bg4 Rd8 54. Bd4 Bc4 55. Bb6 Ra8 56. Nc5 Ba6 57. Nxa6 1-0

[Event "23.Schlosspark-Open"]
[Site "Wiesbaden"]
[Date "2011.08.27"]
[Round "5.13"]
[White "Seidel, Jürgen"]
[Black "Weber, Rainer"]
[Result "1-0"]
[WhiteElo "2033"]
[BlackElo "2174"]
[PlyCount "63"]
[EventDate "2011.??.??"]
[WhiteTeam "SV 1920 Hofheim"]
[BlackTeam "SV Ebersbach"]

1. f4 e5 2. fxe5 d6 3. exd6 Bxd6 4. Nf3 Bg4 5. e3 Nc6 6. Be2 Qe7 7. Nc3 O-O-O
8. d3 f5 9. Bd2 Nf6 10. O-O Ne5 11. Nd4 g6 12. Qe1 h6 13. Ncb5 Bxe2 14. Nxd6+
Qxd6 15. Nxe2 Neg4 16. Qg3 Qc5 17. Nd4 Nh5 18. Qh4 Ng7 19. h3 g5 20. Qg3 h5 21.
b4 Qd5 22. hxg4 hxg4 23. Nxf5 Nxf5 24. Qxg4 Rdf8 25. Rf3 Rh4 26. Qxg5 Qe5 27.
Raf1 Qh8 28. Kf2 Rh5 29. Qg6 Rg8 30. Qe6+ Kb8 31. Ke1 Nd4 32. Qxg8+ 1-0

[Event "23.Schlosspark-Open"]
[Site "Wiesbaden"]
[Date "2011.08.27"]
[Round "5.14"]
[White "Tufa, Mihai"]
[Black "Kuhn, Andreas"]
[Result "1-0"]
[WhiteElo "2003"]
[BlackElo "2162"]
[PlyCount "117"]
[EventDate "2011.??.??"]
[WhiteTeam "Club Sah Diana Galati"]
[BlackTeam "Wiesbadener SV 1885"]

1. e4 e5 2. Nf3 Nc6 3. Bb5 a6 4. Bxc6 dxc6 5. Nc3 Qd6 6. d4 exd4 7. Qxd4 Qxd4
8. Nxd4 Bd7 9. Be3 O-O-O 10. O-O-O g6 11. Rhe1 Bg7 12. Nb3 b6 13. Bd4 f6 14. e5
fxe5 15. Bxe5 Bxe5 16. Rxe5 Nf6 17. f3 Rhf8 18. Rde1 Bf5 19. g4 Bd7 20. Nd2 c5
21. g5 Ng8 22. Nd5 Bc6 23. Ne7+ Nxe7 24. Rxe7 Rd7 25. Re8+ Rxe8 26. Rxe8+ Kb7
27. Rf8 Re7 28. Kd1 a5 29. h4 Bd5 30. a3 Bc6 31. Rf6 Bd5 32. h5 gxh5 33. Rh6 a4
34. Rxh5 Bc6 35. Rh6 Rg7 36. f4 Bd7 37. Nc4 Re7 38. Ne5 Bf5 39. Rf6 Be4 40. Kd2
Re8 41. c3 Bb1 42. Ke3 Bc2 43. Kf3 Bd1+ 44. Kg3 Bb3 45. Kg4 Rd8 46. f5 Rd2 47.
Rh6 Rg2+ 48. Kf4 Rxb2 49. Rxh7 Ra2 50. f6 Rxa3 51. g6 Ra1 52. f7 Rf1+ 53. Ke3
a3 54. Rh2 Re1+ 55. Kf4 Rf1+ 56. Kg5 a2 57. Rxa2 Bxa2 58. c4 Bb1 59. g7 1-0

[Event "23.Schlosspark-Open"]
[Site "Wiesbaden"]
[Date "2011.08.27"]
[Round "5.15"]
[White "Partzsch, Lukas"]
[Black "Malek, Daniel"]
[Result "0-1"]
[WhiteElo "2034"]
[BlackElo "2341"]
[PlyCount "56"]
[EventDate "2011.??.??"]
[WhiteTeam "SC Matt im Park Ffm"]
[BlackTeam "SV Oberursel"]

1. d4 Nf6 2. c4 e6 3. Nf3 d5 4. Nc3 c6 5. b3 Bb4 6. Bd2 dxc4 7. bxc4 c5 8. Qb3
O-O 9. e3 Nc6 10. Be2 cxd4 11. exd4 Ba5 12. d5 exd5 13. cxd5 Bxc3 14. Bxc3 Qxd5
15. Qb2 Nh5 16. O-O Nf4 17. Bd1 Qf5 18. Nd4 Qg6 19. f3 Bh3 20. Nxc6 bxc6 21.
Rf2 Bf5 22. Rd2 Rfe8 23. Bb3 h5 24. Rad1 Re3 25. Kh1 Rae8 26. Rd8 Rxd8 27.
Rxd8+ Kh7 28. Bc4 Rxc3 0-1

[Event "23.Schlosspark-Open"]
[Site "Wiesbaden"]
[Date "2011.08.27"]
[Round "5.16"]
[White "Repplinger, Marc"]
[Black "Supplieth, Peter"]
[Result "1-0"]
[WhiteElo "2249"]
[BlackElo "2028"]
[PlyCount "107"]
[EventDate "2011.??.??"]
[WhiteTeam "SV Koblenz 03/25"]
[BlackTeam "SC Kevelaer 1948 e.V."]

1. d4 Nf6 2. Nf3 d5 3. c4 c6 4. e3 e6 5. Bd3 Be7 6. O-O Nbd7 7. b3 b6 8. Bb2
Bb7 9. Nbd2 c5 10. cxd5 exd5 11. Ne5 O-O 12. f4 Ne4 13. Nxe4 dxe4 14. Bc4 Nf6
15. Qe2 Bd5 16. Rfd1 Bxc4 17. Qxc4 Qc8 18. Ba3 Qe6 19. dxc5 Qxc4 20. Nxc4 Bxc5
21. Bxc5 bxc5 22. Rd6 a5 23. Rad1 a4 24. Nb6 Ra6 25. Nxa4 Rxd6 26. Rxd6 Ng4 27.
Nxc5 f5 28. Ne6 Rc8 29. Rd8+ Rxd8 30. Nxd8 Kf8 31. Ne6+ Kf7 32. Nd4 Nxe3 33. a4
Ke7 34. Kf2 Ng4+ 35. Ke2 g6 36. h3 Nf6 37. Kd2 Kd6 38. Nc2 Nh5 39. Ke3 Nf6 40.
Kd4 Nh5 41. Ke3 Nf6 42. g3 Kc6 43. b4 Kb6 44. Kd4 Nh5 45. Ne3 Nxg3 46. Nc4+ Kb7
47. Kc5 Nh5 48. b5 Nxf4 49. a5 Ne6+ 50. Kd6 f4 51. Kxe6 e3 52. Ne5 e2 53. Nf3
g5 54. Kf5 1-0

[Event "23.Schlosspark-Open"]
[Site "Wiesbaden"]
[Date "2011.08.27"]
[Round "5.17"]
[White "Belz, Frank-M"]
[Black "Werner, Dimo"]
[Result "1/2-1/2"]
[WhiteElo "2025"]
[BlackElo "2237"]
[PlyCount "81"]
[EventDate "2011.??.??"]
[WhiteTeam "SK Freising"]
[BlackTeam "Vorw.Orient Mainz"]

1. Nf3 d5 2. c4 c6 3. b3 Nf6 4. g3 h6 5. Bg2 Bf5 6. Bb2 e6 7. O-O Be7 8. d3 O-O
9. Nbd2 a5 10. Re1 Na6 11. a3 Bh7 12. cxd5 cxd5 13. Rc1 Bc5 14. d4 Bd6 15. Ne5
Qe7 16. a4 Bb4 17. Nd3 Bxd3 18. exd3 Rac8 19. Re2 Ba3 20. Nf3 Bxb2 21. Rxb2 Nb4
22. Bf1 Rc7 23. Rbb1 Rfc8 24. Qd2 Rc2 25. Qd1 Qc7 26. Rxc2 Qxc2 27. Qxc2 Rxc2
28. h3 Ne8 29. Ne1 Rc3 30. Kg2 Nd6 31. g4 Nc8 32. Kf3 Na7 33. Ke2 Rc8 34. Kd2
Nac6 35. Rc1 Kf8 36. f4 f6 37. h4 Ke7 38. Ke3 Kd6 39. Nf3 Re8 40. Kd2 Re7 41.
g5 1/2-1/2

[Event "23.Schlosspark-Open"]
[Site "Wiesbaden"]
[Date "2011.08.27"]
[Round "5.18"]
[White "Baskin, Robert"]
[Black "Rott, Georg"]
[Result "1/2-1/2"]
[WhiteElo "1977"]
[BlackElo "2223"]
[PlyCount "135"]
[EventDate "2011.??.??"]
[WhiteTeam "SAbt TuS Makkabi Ffm"]
[BlackTeam "SK Münster 32 e.V."]

1. e4 e6 2. d4 d5 3. Nc3 Bb4 4. e5 Ne7 5. Bd2 O-O 6. a3 Ba5 7. Nf3 Bxc3 8. Bxc3
Nd7 9. Bd3 f6 10. exf6 Rxf6 11. O-O Ng6 12. g3 Ndf8 13. Bd2 h6 14. Ne5 Nxe5 15.
dxe5 Rf7 16. Qg4 Kh8 17. Bb4 Bd7 18. Bxf8 Qxf8 19. Qg6 Qg8 20. f4 Raf8 21. Rae1
Re7 22. Qh5 Be8 23. Qh3 Bd7 24. Qh4 Ree8 25. g4 Qf7 26. g5 Qe7 27. Qh3 Rg8 28.
Qh5 g6 29. Bxg6 Qg7 30. Bxe8 Bxe8 31. Qh3 Bf7 32. Kh1 h5 33. Rg1 Qg6 34. Qd3 c5
35. Rg3 Rf8 36. Rf1 Be8 37. Qxg6 Bxg6 38. c3 Kh7 39. Kg2 Be4+ 40. Kh3 Kg6 41.
Re3 Bf5+ 42. Kh4 b6 43. a4 Rd8 44. Rf2 d4 45. cxd4 cxd4 46. Ra3 d3 47. Rd2 Rd4
48. Kg3 h4+ 49. Kf3 Rc4 50. Ke3 Rc1 51. Raxd3 Bxd3 52. Rxd3 Rh1 53. Rd2 Kf5 54.
Rg2 Kg6 55. Rc2 Kf5 56. Rc7 Rxh2 57. Rf7+ Kg4 58. g6 Rg2 59. g7 Kh5 60. Kf3 h3
61. g8=Q Rxg8 62. Rh7+ Kg6 63. Rxh3 Rc8 64. Kg4 Rc4 65. b3 Rc1 66. Rd3 Rg1+ 67.
Rg3 Rf1 68. Rf3 1/2-1/2

[Event "23.Schlosspark-Open"]
[Site "Wiesbaden"]
[Date "2011.08.27"]
[Round "5.19"]
[White "Pioch, Thomas"]
[Black "Kobs, Stephan"]
[Result "1/2-1/2"]
[WhiteElo "2216"]
[BlackElo "2021"]
[PlyCount "39"]
[EventDate "2011.??.??"]
[WhiteTeam "Sfr.Mainz 1928"]
[BlackTeam "SC Bad Salzdetfurth"]

1. e3 Nf6 2. d4 g6 3. Bd3 Bg7 4. c4 c5 5. dxc5 Na6 6. Nc3 Nxc5 7. Bc2 b6 8. Bd2
Bb7 9. f3 O-O 10. Nge2 d5 11. cxd5 Nxd5 12. Nxd5 Qxd5 13. Bc3 Bxc3+ 14. Nxc3
Qe5 15. Qd4 Qxd4 16. exd4 Ne6 17. O-O-O Rfd8 18. Rhe1 Nxd4 19. Rxe7 Nxc2 20.
Kxc2 1/2-1/2

[Event "23.Schlosspark-Open"]
[Site "Wiesbaden"]
[Date "2011.08.27"]
[Round "5.20"]
[White "Matzies, Alexander"]
[Black "Cattus, Nico"]
[Result "1/2-1/2"]
[WhiteElo "1982"]
[BlackElo "2201"]
[PlyCount "64"]
[EventDate "2011.??.??"]
[WhiteTeam "Sfr.1932 Kelkheim"]
[BlackTeam "vereinslos"]

1. d4 Nf6 2. c4 g6 3. Nc3 Bg7 4. e4 d6 5. Nf3 O-O 6. Be2 e5 7. O-O Nc6 8. d5
Ne7 9. Nd2 Nd7 10. Qc2 f5 11. Rb1 a5 12. a3 fxe4 13. Ndxe4 Nf5 14. Nb5 Nf6 15.
Bd3 c6 16. Nbc3 Nd4 17. Qd1 Bf5 18. f4 Nxe4 19. Bxe4 c5 20. Be3 Bxe4 21. Nxe4
exf4 22. Bxf4 Qe7 23. Qd3 Be5 24. Bxe5 Qxe5 25. Rbe1 Rxf1+ 26. Rxf1 Rf8 27.
Rxf8+ Kxf8 28. Nc3 Kg7 29. Qe4 Qg5 30. Ne2 Nxe2+ 31. Qxe2 Qc1+ 32. Kf2 Qf4+
1/2-1/2

[Event "23.Schlosspark-Open"]
[Site "Wiesbaden"]
[Date "2011.08.27"]
[Round "5.21"]
[White "Tischendorf, Michael"]
[Black "Schmidt, Volker"]
[Result "1-0"]
[WhiteElo "2186"]
[BlackElo "2013"]
[PlyCount "71"]
[EventDate "2011.??.??"]
[WhiteTeam "SV 1920 Hofheim"]
[BlackTeam "SAbt TuS Dotzheim"]

1. d4 Nf6 2. c4 g6 3. Nf3 Bg7 4. g3 c6 5. Bg2 O-O 6. O-O d6 7. Nc3 Qc7 8. e4 e5
9. h3 Nbd7 10. Be3 h6 11. Rc1 a6 12. Qd2 Kh7 13. Rfd1 Re8 14. a4 Nf8 15. b3
N8d7 16. b4 Nf8 17. a5 exd4 18. Nxd4 Be6 19. Nxe6 Rxe6 20. Nd5 Qd8 21. Bb6 Qd7
22. Nc7 Nxe4 23. Qd3 Rae8 24. Nxe6 Qxe6 25. Re1 d5 26. f3 f5 27. cxd5 cxd5 28.
fxe4 fxe4 29. Qe3 Nd7 30. Bd4 Bf8 31. Qb3 Bd6 32. Rcd1 Ne5 33. Bxe5 Qxe5 34.
Qxd5 Qxd5 35. Rxd5 Bxb4 36. Rxe4 1-0

[Event "23.Schlosspark-Open"]
[Site "Wiesbaden"]
[Date "2011.08.27"]
[Round "5.22"]
[White "Bremer, Vincent"]
[Black "Faqiry, Ramat"]
[Result "1/2-1/2"]
[WhiteElo "2144"]
[BlackElo "1977"]
[PlyCount "38"]
[EventDate "2011.??.??"]
[WhiteTeam "SC Lerchenberg/ZMO"]
[BlackTeam "SK Bad Homburg 1927"]

1. c4 c5 2. g3 Nc6 3. Bg2 Nf6 4. Nc3 g6 5. e3 Bg7 6. d4 cxd4 7. exd4 O-O 8.
Nge2 d6 9. O-O Rb8 10. h3 a6 11. d5 Ne5 12. b3 b5 13. cxb5 axb5 14. Be3 b4 15.
Na4 Ba6 16. Nb2 Qa5 17. Qd2 Bxe2 18. Qxe2 Nxd5 19. Bd4 Nc3 1/2-1/2

[Event "23.Schlosspark-Open"]
[Site "Wiesbaden"]
[Date "2011.08.27"]
[Round "5.23"]
[White "Sarközy, Benjamin"]
[Black "Weiler, Dieter"]
[Result "0-1"]
[WhiteElo "1944"]
[BlackElo "2142"]
[PlyCount "88"]
[EventDate "2011.??.??"]
[WhiteTeam "SF Dettingen 1950"]
[BlackTeam "vereinslos"]

1. c4 e6 2. g3 d5 3. Bg2 Nf6 4. Nf3 Be7 5. O-O O-O 6. b3 d4 7. Bb2 c5 8. b4 Re8
9. e3 dxe3 10. fxe3 cxb4 11. Ng5 h6 12. Ne4 Nxe4 13. Bxe4 Nd7 14. Bxg7 f5 15.
Bxh6 Nf6 16. Bf3 Qc7 17. d4 Qxc4 18. Nd2 Qa6 19. Be2 b5 20. e4 Qb6 21. Be3 a5
22. exf5 exf5 23. Bf3 Ra7 24. Qb3+ Kg7 25. Rac1 Bd6 26. Rc6 Qd8 27. d5 Ra6 28.
Bd4 Be5 29. Bxe5 Rxe5 30. Qb2 Rxc6 31. Qxe5 Qd6 32. Qe3 Qc5 33. Qxc5 Rxc5 34.
Nb3 Rc2 35. Nxa5 Rxa2 36. Nc6 b3 37. Nb4 Ra4 38. Nd3 Rd4 39. Nf4 Rd2 40. Ra1 b2
41. Rb1 Ne4 42. Ne2 b4 43. d6 Nc3 44. d7 Bxd7 0-1

[Event "23.Schlosspark-Open"]
[Site "Wiesbaden"]
[Date "2011.08.27"]
[Round "5.24"]
[White "Feller, Florian"]
[Black "Eck, Mathias"]
[Result "1/2-1/2"]
[WhiteElo "1977"]
[BlackElo "2137"]
[PlyCount "44"]
[EventDate "2011.??.??"]
[WhiteTeam "SGem Vaihingen-Rohr"]
[BlackTeam "SV SF Darmstadt 1994"]

1. e4 c6 2. d4 d5 3. e5 Bf5 4. Nf3 e6 5. Be2 c5 6. Be3 cxd4 7. Nxd4 Ne7 8. O-O
Nbc6 9. c4 Nxd4 10. Bxd4 dxc4 11. Bxc4 a6 12. Nc3 Nc6 13. Ne2 b5 14. Bd3 Bxd3
15. Qxd3 Bc5 16. Qe4 Nxd4 17. Nxd4 Bxd4 18. Rfd1 O-O 19. Rxd4 Qc7 20. Rad1 Rac8
21. g3 h6 22. Rd7 Qc2 1/2-1/2

[Event "23.Schlosspark-Open"]
[Site "Wiesbaden"]
[Date "2011.08.27"]
[Round "5.25"]
[White "Makilla, Tobias"]
[Black "Specht, Christian"]
[Result "0-1"]
[WhiteElo "1937"]
[BlackElo "2132"]
[PlyCount "66"]
[EventDate "2011.??.??"]
[WhiteTeam "Sfr.1932 Kelkheim"]
[BlackTeam "SC Flörsheim 1921"]

1. e4 c5 2. Nf3 Nc6 3. d4 cxd4 4. Nxd4 e5 5. Nb5 d6 6. N1c3 a6 7. Na3 b5 8. Nd5
Nf6 9. Bg5 Be7 10. Nxe7 Nxe7 11. Bxf6 gxf6 12. Bd3 Bb7 13. Qe2 d5 14. c3 Ng6
15. g3 Qb6 16. Nc2 dxe4 17. Bxe4 Rd8 18. O-O O-O 19. Rad1 Bxe4 20. Qxe4 Qe6 21.
b3 f5 22. Qe2 Rc8 23. Rd3 Rfd8 24. Rfd1 Rxd3 25. Qxd3 f4 26. f3 fxg3 27. hxg3
Qh3 28. g4 Nf4 29. Qf1 Rxc3 30. Ne1 Qg3+ 31. Kh1 Rc6 32. Ng2 Rh6+ 33. Kg1 Nh3+
0-1

[Event "23.Schlosspark-Open"]
[Site "Wiesbaden"]
[Date "2011.08.27"]
[Round "5.26"]
[White "Hipler, Andreas"]
[Black "Syed, Tareq"]
[Result "1/2-1/2"]
[WhiteElo "1914"]
[BlackElo "2112"]
[PlyCount "39"]
[EventDate "2011.??.??"]
[WhiteTeam "SK Gau-Algesheim"]
[BlackTeam "SC Brett vor'm Kopp Ffm"]

1. e4 c6 2. d4 Na6 3. c3 Nc7 4. Bf4 g6 5. Nd2 d6 6. Ngf3 Nh6 7. Qc2 f6 8. e5
Ne6 9. Bxh6 Bxh6 10. exf6 exf6 11. Bd3 Nf4 12. O-O Nxd3 13. Qxd3 Bf5 14. Rfe1+
Kf7 15. Qc4+ d5 16. Qb4 Qc7 17. c4 Rhd8 18. Rac1 Bf8 19. Qc3 Qd7 20. c5 1/2-1/2